000
00304nam a22001217a 4500
008
170601b xxu||||| |||| 00| 0 eng d
041
_a
eng
080
_2
5 ED
_a
94
100
_a
17
101
_a
SHH
245
_a
UNFINISHED NATION A CONCISE HISTORY AMERICAN PEOPLE
_c
BRINKLEY.A
942
_2
udc
_c
BK
999
_c
15334
_d
15334